UITU Library & LRC     

GPS-GSM Integration for Enhancing Public Transportation Management Services (Record no. 32743)

MARC details
000 -LEADER
fixed length control field 00496nam a2200133Ia 4500
008 - FIXED-LENGTH DATA ELEMENTS--GENERAL INFORMATION
fixed length control field 260210s9999 xx 000 0 und d
024 ## - OTHER STANDARD IDENTIFIER
Standard number or code 08B-002-CE, 08B-007-CE & 08B-021-CE
082 ## - DEWEY DECIMAL CLASSIFICATION NUMBER
Classification number 658.3072 KHA
100 ## - MAIN ENTRY--PERSONAL NAME
Personal name Ali Moin Usman Khan, Muhammad Zeeshan Isani & Ghulam Rasool
245 #0 - TITLE STATEMENT
Title GPS-GSM Integration for Enhancing Public Transportation Management Services
260 ## - PUBLICATION, DISTRIBUTION, ETC.
Place of publication, distribution, etc. Karachi:
Name of publisher, distributor, etc. UITU,
Date of publication, distribution, etc. 2008
600 ## - SUBJECT ADDED ENTRY--PERSONAL NAME
Personal name Computer System Engineering
650 ## - SUBJECT ADDED ENTRY--TOPICAL TERM
Topical term or geographic name entry element Bachelor of Engineering (BE)

No items available.

Powered by Koha